[Event "Barcelona Sant Marti op-B 22nd"]
[Site "Barcelona"]
[Date "2022.07.15"]
[Round "3"]
[White "Navarro Garcia, Alberto"]
[Black "Monleon Busquets, Ernesto"]
[Result "0-1"]
[WhiteElo "1563"]
[BlackElo "1298"]
[PlyCount "78"]
[EventDate "2022.07.13"]
[EventType "swiss"]
[EventRounds "9"]
[EventCountry "ESP"]
[SourceTitle "CBM 210 Extra"]
[Source "ChessBase"]
[SourceDate "2022.11.30"]
[SourceVersion "1"]
[SourceVersionDate "2022.11.30"]
[SourceQuality "1"]

1. Nf3 Nf6 2. g3 g6 3. Bg2 Bg7 4. d4 c6 5. c4 d5 6. b3 0-0 7. 0-0 Nbd7 8. Nc3 Nb6 9. c5 Nbd7 10. b4 Re8 11. Bf4 Nf8 12. Qd2 Ne4 13. Nxe4 dxe4 14. Ne5 Ne6 15. Rad1 Nxf4 16. Qxf4 f6 17. Nc4 f5 18. Ne5 Qd5 19. f3 exf3 20. Bxf3 Qxa2 21. Nxc6 bxc6 22. Bxc6 Ba6 23. b5 Bxb5 24. Bxb5 Red8 25. d5 Qb2 26. Bc4 Kh8 27. Rd2 Qb4 28. c6 Rac8 29. Ba6 Qb6+ 30. Kg2 Qxa6 31. e4 fxe4 32. Qxe4 Bf6 33. Qe6 Rxc6 34. dxc6 Rxd2+ 35. Rf2 Qf1+ 36. Kf3 Qxf2+ 37. Kg4 Qf5+ 38. Qxf5 gxf5+ 39. Kxf5 Rc2 0-1

[Event "Barcelona Sant Marti op-B 22nd"]
[Site "Barcelona"]
[Date "2022.07.13"]
[Round "1"]
[White "Monleon Busquets, Ernesto"]
[Black "Franzoni Ladron, Enric"]
[Result "0-1"]
[WhiteElo "1298"]
[BlackElo "1691"]
[PlyCount "88"]
[EventDate "2022.07.13"]
[EventType "swiss"]
[EventRounds "9"]
[EventCountry "ESP"]
[SourceTitle "CBM 210 Extra"]
[Source "ChessBase"]
[SourceDate "2022.11.30"]
[SourceVersion "1"]
[SourceVersionDate "2022.11.30"]
[SourceQuality "1"]

1. e4 c5 2. d4 cxd4 3. Qxd4 Nc6 4. Qd3 Nf6 5. Nc3 d6 6. Nf3 g6 7. Be2 Bg7 8. 0-0 0-0 9. Rd1 Qc7 10. Nd5 Nxd5 11. exd5 Nb4 12. Qe4 a5 13. c3 Bf5 14. Qh4 Nc2 15. Bh6 f6 16. Bxg7 Kxg7 17. Rac1 Qb6 18. b3 Rfc8 19. Nd4 Nxd4 20. Qxd4 Qc5 21. Bg4 Qxd4 22. Rxd4 Bxg4 23. Rxg4 Rc5 24. c4 f5 25. Rd4 b5 26. Re1 Ra7 27. h3 Kf7 28. Kh2 bxc4 29. bxc4 Rb7 30. Re2 Rb4 31. Rc2 a4 32. Kg3 g5 33. f4 h6 34. fxg5 hxg5 35. h4 gxh4+ 36. Kxh4 Kf6 37. Kg3 Rc8 38. Kf3 a3 39. Rc3 Rb2 40. Rxa3 Rc2 41. Ra4 Rb8 42. Rd1 Rbb2 43. Rg1 Rc3+ 44. Kf4 Rf2# 0-1

[Event "Foment Martinenc op-C 22nd"]
[Site "Barcelona"]
[Date "2022.06.04"]
[Round "7"]
[White "Monleon Busquets, Ernesto"]
[Black "Gonzalez Muelas, Marco Antonio"]
[Result "0-1"]
[WhiteElo "1649"]
[BlackElo "1848"]
[PlyCount "60"]
[EventDate "2022.04.23"]
[EventType "swiss"]
[EventRounds "9"]
[EventCountry "ESP"]
[SourceTitle "EXT 2023"]
[Source "ChessBase"]
[SourceDate "2022.10.05"]
[SourceVersion "1"]
[SourceVersionDate "2022.10.05"]
[SourceQuality "1"]

1. d4 Nf6 2. Nc3 g6 3. Bf4 Bg7 4. Qd2 d5 5. Bh6 0-0 6. h4 Re8 7. 0-0-0 Bh8 8. h5 Bf5 9. f3 Nxh5 10. Rxh5 gxh5 11. g4 hxg4 12. Qg5+ Bg6 13. Qxg4 e6 14. Nh3 Qf6 15. e4 dxe4 16. fxe4 Nc6 17. Bg5 Qg7 18. e5 Bf5 19. Qh4 Nb4 20. Rd2 Qf8 21. Rg2 Bg6 22. Ne4 Nd5 23. Bc4 Ne7 24. Nf6+ Bxf6 25. exf6 Nf5 26. Qf4 Qd6 27. Qf3 Qxd4 28. Bd2 Nh4 29. Rxg6+ hxg6 30. Qg3 Rad8 0-1

[Event "Llinars del Valles op 1st"]
[Site "Llinars del Valles"]
[Date "2021.06.27"]
[Round "3"]
[White "Monleon Busquets, Ernesto"]
[Black "Bernat Mor, Juli"]
[Result "1/2-1/2"]
[WhiteElo "1670"]
[BlackElo "1339"]
[PlyCount "150"]
[EventDate "2021.06.25"]
[EventType "swiss"]
[EventRounds "9"]
[EventCountry "ESP"]
[SourceTitle "CBM 203 Extra"]
[Source "ChessBase"]
[SourceDate "2021.09.30"]
[SourceVersion "1"]
[SourceVersionDate "2021.09.30"]
[SourceQuality "1"]

1. d4 d5 2. c4 c6 3. Nc3 Bg4 4. h3 Bh5 5. Qc2 e6 6. e3 Nf6 7. Be2 Bxe2 8. Qxe2 Bb4 9. Nf3 Ne4 10. Qc2 Nxc3 11. bxc3 Bd6 12. cxd5 exd5 13. 0-0 0-0 14. c4 Nd7 15. cxd5 cxd5 16. a4 Nf6 17. Ba3 Rc8 18. Qb3 b6 19. Rfc1 Bxa3 20. Qxa3 Rb8 21. Ne5 Rb7 22. Rc6 Qe7 23. Qc3 Ne4 24. Qc2 f6 25. Nf3 Nd6 26. Nd2 Qd7 27. Rc3 Rc8 28. Raa3 Rxc3 29. Rxc3 a6 30. Qb3 Nf7 31. Qc2 Nd6 32. Kh2 b5 33. axb5 axb5 34. Rc5 Nc4 35. Nb3 Rc7 36. Qa2 Kf7 37. Qa6 Rb7 38. Qc6 Qxc6 39. Rxc6 Rb6 40. Rc7+ Kg6 41. Rc5 b4 42. Rxd5 h6 43. g4 Nd6 44. f3 Nc4 45. e4 Ne3 46. Rc5 Ra6 47. Rb5 Nc2 48. d5 Ra3 49. Rc5 Rxb3 50. Rxc2 Rc3 51. Rb2 b3 52. Kg3 Kf7 53. h4 Ke7 54. g5 Kd6 55. gxf6 gxf6 56. Kg4 Ke5 57. Rb1 Rd3 58. Kh5 Rxf3 59. Kxh6 Kxe4 60. d6 Rd3 61. d7 Rxd7 62. Rxb3 f5 63. Kg6 f4 64. Rb4+ Ke3 65. Kg5 f3 66. Kg4 Ke2 67. Rb2+ Ke3 68. Rb3+ Ke4 69. Kg3 Rg7+ 70. Kf2 Rg2+ 71. Kf1 Rh2 72. Kg1 Rg2+ 73. Kf1 Kf4 74. h5 Kg5 75. Rxf3 Rh2 1/2-1/2